Duncan's Diseases of metabolism. (Record no. 8118)
[ view plain ]
| 000 -LEADER | |
|---|---|
| fixed length control field | 01255cam a2200337 4500 |
| 001 - CONTROL NUMBER | |
| control field | 2661000 |
| 003 - CONTROL NUMBER IDENTIFIER | |
| control field | OSt |
| 005 - DATE AND TIME OF LATEST TRANSACTION | |
| control field | 20230328114424.0 |
| 008 - FIXED-LENGTH DATA ELEMENTS--GENERAL INFORMATION | |
| fixed length control field | 740304s1974 paua b 001 0 eng |
| 010 ## - LIBRARY OF CONGRESS CONTROL NUMBER | |
| LC control number | 72080787 |
| 020 ## - INTERNATIONAL STANDARD BOOK NUMBER | |
| International Standard Book Number | 072161843X |
| 040 ## - CATALOGING SOURCE | |
| Original cataloging agency | DLC |
| Transcribing agency | DLC |
| Modifying agency | DLC |
| 050 00 - LIBRARY OF CONGRESS CALL NUMBER | |
| Classification number | RB147 |
| Item number | .D8 1974 |
| 082 00 - DEWEY DECIMAL CLASSIFICATION NUMBER | |
| Classification number | WD 200D914 1969 |
| 100 1# - MAIN ENTRY--PERSONAL NAME | |
| Personal name | Duncan, Garfield G. |
| Fuller form of name | (Garfield George), |
| Dates associated with a name | 1901-1983. |
| 9 (RLIN) | 16572 |
| 240 10 - UNIFORM TITLE | |
| Uniform title | Diseases of metabolism |
| 245 10 - TITLE STATEMENT | |
| Title | Duncan's Diseases of metabolism. |
| Statement of responsibility, etc. | With contributions by Margaret J. Albrink [and others] Edited by Philip K. Bondy and Leon E. Rosenberg. |
| 250 ## - EDITION STATEMENT | |
| Edition statement | 7th ed. |
| 260 ## - PUBLICATION, DISTRIBUTION, ETC. (IMPRINT) | |
| Place of publication, distribution, etc. | Philadelphia, |
| Name of publisher, distributor, etc. | Saunders, |
| Date of publication, distribution, etc. | 1974. |
| 300 ## - PHYSICAL DESCRIPTION | |
| Extent | 2 v. |
| Other physical details | illus. |
| Dimensions | 27 cm. |
| 504 ## - BIBLIOGRAPHY, ETC. NOTE | |
| Bibliography, etc | Includes bibliographical references. |
| 505 0# - FORMATTED CONTENTS NOTE | |
| Formatted contents note | v. 1. Endocrinology.--v. 2. Genetics and metabolism. |
| 650 #0 - SUBJECT ADDED ENTRY--TOPICAL TERM | |
| Topical term or geographic name as entry element | Metabolism |
| General subdivision | Disorders. |
| 9 (RLIN) | 16569 |
| 700 1# - ADDED ENTRY--PERSONAL NAME | |
| Personal name | Albrink, Margaret J. |
| Fuller form of name | (Margaret Joralemon), |
| Dates associated with a name | 1920-2012. |
| 9 (RLIN) | 16573 |
| 700 1# - ADDED ENTRY--PERSONAL NAME | |
| Personal name | Bondy, Philip K. |
| Fuller form of name | (Philip Kramer), |
| Dates associated with a name | 1917-2013, |
| Relator term | editor. |
| 9 (RLIN) | 16574 |
| 700 1# - ADDED ENTRY--PERSONAL NAME | |
| Personal name | Rosenberg, Leon E., |
| Dates associated with a name | 1933-2022, |
| Relator term | editor. |
| 9 (RLIN) | 16575 |
| 740 0# - ADDED ENTRY--UNCONTROLLED RELATED/ANALYTICAL TITLE | |
| Uncontrolled related/analytical title | Diseases of metabolism. |
| 906 ## - LOCAL DATA ELEMENT F, LDF (RLIN) | |
| a | 7 |
| b | cbc |
| c | orignew |
| d | 2 |
| e | opcn |
| f | 19 |
| g | y-gencatlg |
| 942 ## - ADDED ENTRY ELEMENTS (KOHA) | |
| Source of classification or shelving scheme | Dewey Decimal Classification |
| Koha item type | Open Shelf |
| Withdrawn status | Lost status | Source of classification or shelving scheme | Damaged status | Not for loan | Home library | Current library | Date acquired | Source of acquisition | Inventory number | Total Checkouts | Full call number | Barcode | Date last seen | Price effective from | Koha item type |
|---|---|---|---|---|---|---|---|---|---|---|---|---|---|---|---|
| Dewey Decimal Classification | MUST Main Library | MUST Main Library | 28/03/2023 | Purchase | 2000/14195 | WD 200D914 1969 | 2023-0404 | 28/03/2023 | 28/03/2023 | Open Shelf |
